| 000 | 00476 a2200169 4500 | ||
|---|---|---|---|
| 003 | OSt | ||
| 005 | 20230819154731.0 | ||
| 008 | 230819b |||||||| |||| 00| 0 eng d | ||
| 020 | _a9788126509366 | ||
| 040 | _coclc | ||
| 082 |
_a332.6 _bSRI/I |
||
| 100 |
_aSrivastava, Rajiv _91618 |
||
| 245 |
_aINVESTMENT MANAGEMENT / _cRajiv Srivastava |
||
| 260 |
_aNew Delhi: _bWiley, _c2018. |
||
| 300 | _a630 p | ||
| 942 |
_2ddc _cBK _h332.6 _iSRI/I _k332.6 _mSRI/I |
||
| 999 |
_c41933 _d41933 |
||